| 000 | 00335nam a2200133Ia 4500 | ||
|---|---|---|---|
| 005 | 20260328104326.0 | ||
| 008 | 260328s9999||||xx |||||||||||||| ||und|| | ||
| 100 | _ade Poli, Aldo | ||
| 245 | 0 |
_aBibliothèques : _b Architectures 1995-2005 / _cAldo de Poli |
|
| 260 | _bMotta | ||
| 300 | _a271 p. | ||
| 650 | _aBIBLIOTECAS | ||
| 942 | _cBK | ||
| 999 |
_c11512 _d11512 |
||